All NA East/Central FNCS Winners - Statistics

General Stats
  • This quiz has been taken 58 times
    52 since last reset
  • The average score is 43 of 57
Answer Stats
Hint Answer % Correct
Ch3 Season 2 Peterbot
97%
Ch5 Season 2 Peterbot
97%
Ch5 Season 3 Peterbot
97%
2024 Global Championship Peterbot
97%
Ch6 Season 2 Peterbot
97%
Ch6 Season 3 Peterbot
97%
Ch2 Season 8 Bugha
93%
Ch3 Season 1 Bugha
93%
Ch2 Season 3 Coop
93%
Ch2 Season 4 Mero
93%
Ch2 Season 6 Mero
93%
Ch2 Season 8 Mero
93%
Ch3 Season 1 Mero
93%
2023 Global Championship Mero
93%
2023 Global Championship Cooper
90%
Ch5 Season 2 Pollo
90%
Ch5 Season 3 Pollo
90%
2024 Global Championship Pollo
90%
Ch6 Season 1 Pollo
90%
Ch2 Season 5 Acorn
83%
Ch4 Season 1 Acorn
83%
Ch5 Season 1 Acorn
83%
Ch6 Season 1 Acorn
83%
Ch4 Season 1 Cold
83%
Ch5 Season 1 Cold
83%
Ch6 Season 2 Cold
83%
Ch6 Season 3 Cold
83%
Ch4 Season 3 Khanada
83%
Ch6 Season 2 Ritual
79%
Ch6 Season 3 Ritual
79%
Ch2 Season 1 Ronaldo
79%
Ch2 Season 7 Dukez
72%
Ch4 Season 2 Dukez
72%
Ch2 Season 8 Muz
72%
Ch2 Season 4 Reverse2k
72%
Ch2 Season 6 Reverse2k
72%
Ch4 Season 3 Ajerss
69%
Ch6 Season 1 Ajerss
69%
Ch3 Season 2 Bylah
69%
Ch2 Season 1 UnknownArmy
69%
Ch2 Season 4 Deyy
66%
Ch2 Season 6 Deyy
66%
Ch2 Season 1 Avery
62%
Ch3 Season 3 Avery
62%
Ch3 Season 3 Commandment
59%
Ch4 Season 2 Edgey
59%
Ch2 Season 7 Userz
59%
Ch2 Season 1 KEZ
55%
Ch2 Season 2 Saf
55%
Ch2 Season 5 Slackes
55%
Ch2 Season 2 Zayt
55%
Ch1 Season X ZexRow
55%
Ch2 Season 5 Jahq
52%
All Star Showdown Pamstou
52%
Ch2 Season 7 Justice
48%
Ch1 Season X MackWood
48%
Ch1 Season X Yung Calculator
48%
No matching quizzes found
Score Distribution
Percent of People with Each Score
Percentile by Number Answered
Your Score History
You have not taken this quiz since the last reset